书目信息 |
| 题名: |
网页设计与制作教程
|
|
| 作者: | 徐国平 主编 | |
| 分册: | ||
| 出版信息: | 北京 高等教育出版社 2002 |
|
| 页数: | 336页 | |
| 开本: | 26cm | |
| 丛书名: | 操作系统与网络技术系列教材 | |
| 单 册: | ||
| 中图分类: | TP393.092 , TP393.092 | |
| 科图分类: | ||
| 主题词: | 主页制作--高等学校--教材 , 计算机应用 | |
| 电子资源: | ||
| ISBN: | 7-04-011051-2 | |
| 000 | 00788nam2 2200265 45 | |
| 001 | 012004000000 | |
| 005 | 20050331095928.89 | |
| 010 | @a7-04-011051-2@dCNY 24.60 | |
| 100 | @a20040705e20042002em y0chiy0121 ea | |
| 101 | 0 | @achi |
| 102 | @aCN@b110000 | |
| 105 | @aak z 000yy | |
| 200 | 1 | @a网页设计与制作教程@Awang ye she ji yu zhi zuo jiao cheng@f徐国平主编 |
| 210 | @a北京@c高等教育出版社@d2002@h2004重印 | |
| 215 | @a336页@c图, 表格@d26cm | |
| 225 | 2 | @a操作系统与网络技术系列教材 |
| 320 | @a书末附参考文献 | |
| 410 | 0 | @12001 @a操作系统与网络技术系列教材 |
| 606 | 0 | @a主页制作@x高等学校@j教材 |
| 606 | 0 | @a计算机应用 |
| 690 | @aTP393.092@v4 | |
| 690 | @aTP393.092@v3 | |
| 701 | 0 | @a徐国平@Axu guo ping@4主编 |
| 801 | 0 | @aCN@bQSSKw@c20050331 |
| 905 | @dTP393.092@eX714 | |
| 网页设计与制作教程/徐国平主编.-北京:高等教育出版社,2002(2004重印) |
| 336页:图, 表格;26cm.-(操作系统与网络技术系列教材) |
| ISBN 7-04-011051-2:CNY 24.60 |
| ● |
| 相关链接 |
|
|
|
正题名:网页设计与制作教程
索取号:TP393.092/X714
 
预约/预借
| 序号 | 登录号 | 条形码 | 馆藏地/架位号 | 状态 | 备注 |
| 1 | 388434 | 203884341 | 期刊室512/301自科库 129排2列3层/ [索取号:TP393.092/X714] | 在馆 | |
| 2 | 388435 | 203884350 | 自科二线504/504自科库 4排3列4层/ [索取号:TP393.092/X714] | 在馆 | |
| 3 | 388436 | 203884369 | 自科二线504/504自科库 4排3列4层/ [索取号:TP393.092/X714] | 在馆 | |
| 4 | 440367 | 204403671 | 自科二线504/504自科库 4排3列4层/ [索取号:TP393.092/X714] | 在馆 | |
| 5 | 440368 | 204403680 | 自科二线504/504自科库 4排3列4层/ [索取号:TP393.092/X714] | 在馆 | |
| 6 | 440369 | 204403699 | 自科库301/301自科库 129排2列3层/ [索取号:TP393.092/X714] | 在馆 |